MARC

LEADER 00000nam0a2200000 4500
001 276963
005 20231101234954.0
035 |a (RuTPU)RU\TPU\book\300236 
090 |a 276963 
100 |a 20141127d1971 k y0rusy50 ca 
101 0 |a rus 
102 |a RU 
105 |a a z 001zy 
200 1 |a Изучение геологического строения Восточно-Европейской платформы геофизическими методами  |f Всесоюзный научно-исследовательский институт геофизических методов разведки (ВНИИГеофизика) 
210 |a Москва  |c Недра  |d 1971 
215 |a 118 с.  |c ил. 
320 |a Библиогр.: с. 113-117. 
606 1 |a Геофизическая разведка  |2 stltpush  |3 (RuTPU)RU\TPU\subj\6259  |9 34187 
606 1 |a Геология  |2 stltpush  |3 (RuTPU)RU\TPU\subj\6259  |9 34054 
610 1 |a Восточно-Европейская платформа 
610 1 |a геологическое строение 
610 1 |a гравиметрия 
610 1 |a магнитометрия 
610 1 |a электроразведка 
610 1 |a фундамент 
610 1 |a состав 
610 1 |a структура 
610 1 |a дорифейские образования 
610 1 |a тектоника 
675 |a 55  |v 3 
675 |a 550.83  |v 3 
712 0 2 |a Всесоюзный научно-исследовательский институт геофизических методов разведки (ВНИИГеофизика)  |2 stltpush  |3 (RuTPU)RU\TPU\col\12036 
801 1 |a RU  |b 63413507  |c 20141127 
801 2 |a RU  |b 63413507  |c 20150326  |g RCR 
942 |c BK